|
|
|
|
| LEADER |
00769nam a22002292a 4500 |
| 001 |
000741378 |
| 003 |
CZ BrMZK |
| 005 |
20090518063235.0 |
| 007 |
ta |
| 008 |
041008s1924 xr er|||||||||||cze d |
| 015 |
|
|
|a cnb000905651
|
| 040 |
|
|
|a ABA001
|b cze
|c ULG001
|d ABA001
|d BOA001
|
| 100 |
1 |
|
|a Wagner, Václav,
|d 1894-1962
|7 jk01151335
|4 com
|4 wfw
|
| 245 |
1 |
0 |
|a Tábor /
|c sestav. a úvod naps. Dr. Václav Wagner
|
| 260 |
|
|
|a Praha :
|b Topič ;
|a Tábor :
|b Matoušek,
|c 1924
|
| 300 |
|
|
|a 2 l. :
|b XI, 39 s. obr. ;
|c m. 8°
|
| 490 |
1 |
|
|a Umělecké památky ;
|v 17
|
| 830 |
|
0 |
|a Umělecké památky (F. Topič)
|0 s
|
| 910 |
|
|
|a BOA001
|b PK-I-0014.755
|
| 990 |
|
|
|a BK
|
| 993 |
|
|
|a Y
|
| 996 |
6 |
|
|b BC-164826
|c PK-I-0014.755
|l MZK
|r Sklad / do 1 hodiny
|n 0
|w 000741378
|u 000010
|a 1
|e BOA001
|j MZK50
|s P
|